Методическое пособие по курсу: Звуковое и кинотелевизионное оборудование. Задание 1 (Запись № 8300291)

Подробности
000 -МАРКЕР
контрольное поле 01223nam2a22002411 4500
001 - ИДЕНТИФИКАТОР ЗАПИСИ
контрольное поле rc\4279627
005 - ИДЕНТИФИКАТОР ВЕРСИИ
контрольное поле 20250611145323.0
021 ## - НОМЕР ГОСУДАРСТВЕННОЙ РЕГИСТРАЦИИ
Код страны Российская Федерация
Номер Рг5610-58
035 ## - ДРУГИЕ СИСТЕМНЫЕ НОМЕРА
Идентификатор записи (NLR Aleph) 008244963
100 ## - ДАННЫЕ ОБЩЕЙ ОБРАБОТКИ
Данные общей обработки 20130416d1957 |||y0rusy50 ca
101 0# - ЯЗЫК РЕСУРСА
Язык текста, звукозаписи и т.д. русский
102 ## - СТРАНА ПУБЛИКАЦИИ ИЛИ ПРОИЗВОДСТВА
Страна публикации Российская Федерация
105 ## - ПОЛЕ КОДИРОВАННЫХ ДАННЫХ: ТЕКСТОВЫЕ МАТЕРИАЛЫ, МОНОГРАФИЧЕСКИЕ
Кодированные данные о монографическом текстовом документе a z |||||
200 0# - ЗАГЛАВИЕ И СВЕДЕНИЯ ОБ ОТВЕТСТВЕННОСТИ
Основное заглавие Задание 1
210 ## - ПУБЛИКАЦИЯ, РАСПРОСТРАНЕНИЕ И ДР.
Дата издания, распространения и т.д. 1957
Место издания, распространения и т.д. Б. м.
215 ## - ФИЗИЧЕСКАЯ ХАРАКТЕРИСТИКА
Специфическое обозначение материала и объем 65 с., 5 л. ил.
461 #0 - УРОВЕНЬ НАБОРА
Встроенное поле 001rc\4279626
-- 2001#$aМетодическое пособие по курсу: Звуковое и кинотелевизионное оборудование$fСост.: доц. С. Барбанель$gЛенингр. ин-т киноинженеров. Заоч. отд. Задание 1-$vЗадание 1
-- 700#1$aБарбанель$bС.Р.$f1917-$gСоломон Рафаилович
Системный номер (АБИС) связанной записи 8300287
Автор Барбанель, С.Р. (1917-)
Место публикации Ленинград
Дата публикации 1957
Первые сведения об ответственности Сост.: доц. С. Барбанель
Имя издателя, распространителя и т.д. Б. и.
Заглавие Методическое пособие по курсу: Звуковое и кинотелевизионное оборудование
Номер тома Задание 1
801 #0 - ИСТОЧНИК ЗАПИСИ
Страна Российская Федерация
Организация NLR
Правила каталогизации psbo
801 #1 - ИСТОЧНИК ЗАПИСИ
Страна Российская Федерация
Организация ELAR
Источник данных rusmarc
852 ## - МЕСТОНАХОЖДЕНИЕ И ШИФР ХРАНЕНИЯ
Идентификатор организации NLR
Шифр хранения (Call Number) 58-8/1407
942 ## - ДОПОЛНИТЕЛЬНЫЕ ЭЛЕМЕНТЫ ЗАПИСИ (АБИС)
Тип экземпляра АБИС Книга
980 ## - КОЛЛЕКЦИЯ
Название коллекции Национальная библиография
Экземпляры
Тип экземпляра Дата поступления Библиотека постоянного хранения Библиотека текущего хранения Место хранения Шифр хранения Штрих-код Статус экземпляра
Книга 26.10.2013 РНБ (Московский) РНБ (Московский) Русский книжный фонд: издания с 1957 года 58-8/1407 8244963-10